Statistics for Florida Sports teams

Click here to take the quiz!

General Stats

  • This quiz has been taken 1,266 times
    (140 since last reset)
  • The average score is 14 of 27

Answer Stats

hint Answer % Correct
NCAAJacksonville Dolphins
95%
NFLMiami Dolphins
95%
NBAMiami Heat
92%
MLBMiami Marlins
92%
MLBTampa Bay Rays
88%
NBAOrlando Magic
88%
NFLJacksonville Jaguars
86%
NFLTampa Bays Buccaneers
86%
NCAAFlorida Gators
84%
NCAAFlorida State Seminoles
77%
NHLFlorida Panthers
71%
NCAAMiami Hurricanes
66%
NHLTampa Bay Lightning
66%
NCAACentral Florida Knights
53%
NCAASouth Florida Bulls
50%
NCAAFlorida Atlantic Owls
37%
NCAAFlorida Gulf Coast Eagles
23%
NCAAFlorida A&M Rattlers
17%
NCAANorth Florida Ospreys
17%
NCAAFlorida International Golden Panthers
12%
AFLJacksonville Sharks
12%
NCAAStetson University Hatters
12%
NCAABethune-Cookman Wildcats
11%
AFLOrlando Predators
10%
MLSOrlando City SC
10%
AFLTampa Bay Storm
9%
MLLFlorida Launch
3%

Score Distribution

Percentile by Number Answered

Percent of People with Each Score

Your Score History

You have not taken this quiz since the last reset